MCU quiz - Statistics

General Stats
  • This quiz has been taken 42 times
  • The average score is 15 of 20
Answer Stats
Hint Answer % Correct
What year was the first iron man movie released? 2008
100%
Tom holland's, peter parker's, best friend is.. Ned
94%
Who is the villain in captain america 1 Red skull
94%
Caps shield is made out of .. Vibranium
94%
I love you ------- 3000
91%
How many episodes did the hawkeye series have 6
91%
Who is Black Panther’s sister? Shuri
91%
About which city do Hawkeye and Black Widow often reminisce? Budapest
84%
What’s the name of the helpful AI Tony Stark invented to replace J.A.R.V.I.S.? F.R.I.D.A.Y
84%
What is iron mans daughter called Morgan
84%
What Is the Name of Thor’s Axe? Stormbreaker
84%
Name of Thors hammer Mjolnir
81%
What country are Scarlet Witch and Quicksilver from? Sokovia
78%
What species did Loki discover he is? Frost giant
75%
What does a flerken resemble cat
63%
What town does wanda take over West view
63%
Who is killed by Loki in the Avengers? Agent Coulson
50%
Who is Hawkeye married to? Laura Barton
50%
What animal does Darren Cross unsuccessfully shrink in the Ant-Man? sheep
41%
What type of doctor is Stephen Strange? Neurosurgen
6%
No matching quizzes found
Score Distribution
Percent of People with Each Score
Percentile by Number Answered
Your Score History
You have not taken this quiz